Biblioteca

Battle over bones : (Registro nro. 53860)

Detalles MARC
000 -LÍDER
Campo fijo de descripción fija 00966aas a2200217 4500
001 - NÚMERO DE CONTROL
Campo de control 768714001
003 - IDENTIFICADOR DEL NÚMERO DE CONTROL
Campo de control CO-MdFUSB
005 - FECHA Y HORA DE LA ULTIMA TRANSACCIÓN
control field 20171128144217.0
008 - ELEMENTOS DE LONGITUD FIJA -- INFORMACIÓN GENERAL
Campo fijo de descripción fija -- Información general 170808s1997 xxu||||| |||| 00| 0 eng d
022 ## - NÚMERO INTERNACIONAL NORMALIZADO PARA PUBLICACIONES SERIADAS
Número Internacional Normalizado para Publicaciones Seriadas 0098-9444
040 ## - FUENTE DE CATALOGACIÓN
Agencia Catalogadora CO-MdFUSB
Idioma de catalogación spa
Agencia que realiza la transcripción CO-MdFUSB
Agencia que realiza la modificación CO-MdFUSB
041 ## - CÓDIGO DE IDIOMA
Código de idioma para texto/pista de sonido o título separado eng
100 1# - ASIENTO PRINCIPAL--NOMBRE PERSONAL
Nombre personal Shiloh, Dina
Término relacionador autor
242 ## - TRADUCCIÓN DEL TÍTULO POR AGENCIA CATALOGADORA
Traducción del título Batalla por los huesos :
Traducción del subtítulo la feroz protesta por los huesos amenaza con detener la arqueología en Israel
245 10 - TÍTULO
Título Battle over bones :
Subtitulo fierce protest over bones threatens to halt archaeology in Israel
Mención de responsabilidad / Dina Shiloh
300 ## - DESCRIPCIÓN FÍSICA
Extensión Volumen 23. Número 6 (1997), páginas 54-55
Dimensiones : 28 cm.
520 1# - NOTA DE RESUMEN, ETC.
Nota de sumario, etc. Las líneas de batalla entre los ultraortodoxos y los arqueólogos están más marcadamente dibujadas que nunca, y los arqueólogos no están ganando.
546 ## - NOTA DE IDIOMA
Nota de idioma Texto en inglés
773 0# - ASIENTO DE ITEM FUENTE
Título Biblical Archaeology Review
Biblionumber 49395
Itemnumber 59487
Parte(s) relacionada(s) / Volumen., número. (mes año), páginas Volumen 23. Número 6 (1997), páginas 54-55
Enumeración y primera página Página 54
942 ## - TIPO DE MATERIAL (KOHA)
Tipo de Item KOHA Artículos de Revista
Existencias
Expurgo - (Retirado) Estado de Perdido Estado de Dañado No prestable Colección Ubicación habitual Ubicación actual Fecha de Adquisición Signatura Topográfica Tipo de Material
        Colección de Hemeroteca Biblioteca FUSBC Biblioteca FUSBC 26/01/2016 Artículos de Revista

Biblioteca FUSBC | Teléfono: (57+4) 349 88 10 Ext. 141| WhatsApp (+57) 3005338115 
E-mail: biblioteca@unisbc.edu.co | Calle 76 87-14 Robledo Palenque, Medellín, Colombia

Con tecnología Koha